000 00255 a2200133 4500
001 150806
040 _cEscola São Tomás de Aquino
240 1 0 _aNatal
_lpor
245 1 0 _aNatal
300 _a18
362 0 _a1987
697 _aRELIGIÃO
942 _cBK
999 _c150806
_d150806